Pokemon Category Elimination - Moves - Statistics

General Stats
  • This quiz has been taken 532 times
  • The average score is 14 of 25
Answer Stats
Question No. Hint % Correct
Question 1 46 A water type move
100%
Question 1 17 A physical move
87%
Question 3 88 A move that can inflict a status effect on target that will remain when switched out
82%
Question 3 19 A status move
80%
Question 4 36 A move with accuracy of 80% or less
77%
Question 2 46 A move that attacks both opposing Pokemon in a double battle
75%
Question 3 9 Has an accuracy value less than 90%
73%
Question 1 4 Introduced before gen 4
68%
Question 2 27 A Special move
66%
Question 4 10 A status move
66%
Question 4 6 Inflicts sleep status
66%
Question 5 108 A Pokemon's 'signature move' (as of Ultra Sun & Ultra Moon)
66%
Question 4 2 Grass type
64%
Question 3 2 Does not prevent a Pokemon from taking its turn
61%
Question 3 1 Learned by more ghost type Pokemon than those of its own type (via level up) Will-O-Wisp
54%
Question 5 35 Not a signature move of a gen 7 or legendary pokemon
46%
Question 2 13 Does not have an 'a' in its name
42%
Question 4 1 Paras cannot learn this move Grass Whistle
39%
Question 5 16 Does not deal direct damage
33%
Question 1 2 Has never been a HM
29%
Question 1 1 Both Krabby & Corphish learn this move at level 44 Crabhammer
28%
Question 5 2 A move that recovers health
18%
Question 2 3 A power of 40
17%
Question 5 1 Bug type Heal Order
14%
Question 2 1 Ice type Powder Snow
14%
No matching quizzes found
Score Distribution
Percent of People with Each Score
Percentile by Number Answered
Your Score History
You have not taken this quiz